00842nam a22002177a 4500003000400000005001700004008004100021020001800062040000900080100004000089245010300129260008100232300001100313650006300324650005000387650001700437650004800454942001300502999001500515952009400530OSt20131203113001.0130613s2008 sp ||||| |||| 00| 0 cat d a9788483840320 cCDMR1 93773aTorralba Rosselló, Francesc13aEl teleespectador paquidermb: el tractament audiovisual del patimentcFrancesc Torralba Roselló aPalma (Illes Balears)bEdicions de la Universitat de les Illes Balearsc2008 a247 p.0492772aViolència en els mitjans de comunicació de massa049980aComunicacióxAspectes ètics i morals0493628aAssaig0492367aComunicacióxAspectes psicològics 2udccMON c6463d6463 00104070aCDMRbCDMRd2013-01-16l0oFi /12pCDMR13066696Pr2013-06-13w2013-06-13yMON